Statistiques concernant Parcourir toutes les lignes de métro parisien par ordre croissant

Cliquez ici pour prendre le quiz!

Statistiques générales

  • Ce quiz a été pris 81 fois
  • Le résultat moyen est 48 sur 278

Statistiques - réponses

HintRéponse% Correct
Ligne 1, terminus ouestLa Défense
98%
...Esplanade de La Défense
68%
Pont de Neuilly
66%
Les Sablons
64%
Argentine
62%
Porte Maillot
62%
Charles de Gaulle-Étoile
60%
Ternes
46%
Courcelles
40%
Villiers
40%
Europe
38%
Havre-Caumartin
38%
Monceau
38%
Saint-Lazare
38%
Bourse
36%
Opéra
36%
Quatre-Septembre
36%
Réaumur-Sébastopol
36%
Sentier
36%
Lignes 3bis-3bisPorte des Lilas
32%
Arts et Métiers
30%
Gambetta
30%
Père Lachaise
30%
République
30%
Parmentier
28%
Pelleport
28%
Saint-Fargeau
28%
Temple
28%
Rue Saint-Maur
26%
Bastille
20%
Bel-Air
20%
Bercy
20%
Campo-Formio
20%
Château d'Eau
20%
Chevaleret
20%
Daumesnil
20%
Dugommier
20%
Gambetta
20%
Gare d'Austerlitz
20%
Gare de l'Est
20%
Ligne 11 (terminus historique)Mairie des Lilas
20%
Lignes 6-6Nation
20%
Nationale
20%
Pelleport
20%
Picpus
20%
Place d'Italie
20%
Quai de la Gare
20%
Quai de la Râpée
20%
Réaumur-Sébastopol
20%
Saint Fargeau
20%
Saint-Marcel
20%
Strasbourg-Saint-Denis
20%
Arts et Métiers
18%
Bel-Air
18%
Bercy
18%
Bolivar
18%
Bolivar
18%
Botzaris
18%
Botzaris
18%
Lignes 10-10Boulogne-Jean-Jaurès
18%
Bréguet-Sabin
18%
Buttes-Chaumont
18%
Buttes-Chaumont
18%
Cadet
18%
Cadet
18%
Censier-Daubenton
18%
Château-Landon
18%
Château-Landon
18%
Châtelet
18%
Chaussée d'Antin-La Fayette
18%
Chaussée d'Antin-La Fayette
18%
Chevaleret
18%
Danube
18%
Daumesnil
18%
Dugommier
18%
Gare de l'Est
18%
Gare de l'Est
18%
Jacques Bonsergent
18%
Jaurès
18%
Jaurès
18%
Jussieu
18%
Le Peletier
18%
Le Peletier
18%
Les Gobelins
18%
Louis Blanc
18%
Louis Blanc
18%
Lignes 9-10Michel-Ange-Auteuil
18%
Nationale
18%
Oberkampf
18%
Opéra
18%
Opéra
18%
Palais Royal-Musée du Louvre
18%
Parmentier
18%
Père Lachaise
18%
Picpus
18%
Place des Fêtes
18%
Place d'Italie
18%
Place Monge
18%
Poissonnière
18%
Poissonnière
18%
Pont Marie
18%
Pont Neuf
18%
Porte d'Auteuil
18%
Ligne 7bis (fin de la boucle)Pré Saint-Gervais
18%
Pyramides
18%
Quai de la Gare
18%
République
18%
République
18%
Richard-Lenoir
18%
Richelieu-Drouot
18%
Rue Saint-Maur
18%
Sully-Morland
18%
Temple
18%
Alma-Marceau
16%
Alma-Marceau
16%
Avenue Émile Zola
16%
Avenue Émile Zola
16%
Belleville
16%
Cardinal Lemoine
16%
Cardinal Lemoine
16%
Chardon-Lagache
16%
Charles Michels
16%
Charles Michels
16%
Chaussée d'Antin-La Fayette
16%
Chaussée d'Antin-La Fayette
16%
Cluny-La Sorbonne
16%
Cluny-La Sorbonne
16%
Duroc
16%
Duroc
16%
Église d'Auteuil
16%
Franklin D. Roosevelt
16%
Franklin D. Roosevelt
16%
Lignes 10-10Gare d'Austerlitz
16%
Havre-Caumartin
16%
Havre-Caumartin
16%
Iéna
16%
Iéna
16%
Jasmin
16%
Jasmin
16%
Javel
16%
Javel
16%
Jussieu
16%
Jussieu
16%
La Muette
16%
La Muette
16%
Mabillon
16%
Mabillon
16%
Ligne 11 (terminus historique)Mairie des Lilas
16%
Maubert-Mutualité
16%
Maubert-Mutualité
16%
Michel-Ange-Auteuil
16%
Michel-Ange-Molitor
16%
Mirabeau
16%
Miromesnil
16%
Miromesnil
16%
Odéon
16%
Odéon
16%
Porte des Lilas
16%
Ranelagh
16%
Ranelagh
16%
République
16%
Richelieu-Drouot
16%
Rue de la Pompe
16%
Rue de la Pompe
16%
Saint-Augustin
16%
Saint-Augustin
16%
Saint-Philippe du Roule
16%
Saint-Philippe du Roule
16%
Ségur
16%
Ségur
16%
Sèvres-Babylone
16%
Sèvres-Babylone
16%
Trocadéro
16%
Trocadéro
16%
Vaneau
16%
Vaneau
16%
Assemblée Nationale
14%
Belleville
14%
Bonne Nouvelle
14%
Champs-Élysées-Clémenceau
14%
Concorde
14%
Duroc
14%
Goncourt
14%
Goncourt
14%
Grands Boulevards
14%
Invalides
14%
Jourdain
14%
Jourdain
14%
La Motte-Picquet-Grenelle
14%
La Motte-Picquet-Grenelle
14%
Madeleine
14%
Miromesnil
14%
Montparnasse-Bienvenüe
14%
Ligne 11 (terminus hypothétique)Noisy-Champs
14%
Notre-Dame des Champs
14%
Opéra
14%
Place des Fêtes
14%
Place des Fêtes
14%
Porte des Lilas
14%
Pyrénées
14%
Pyrénées
14%
Rennes
14%
République
14%
Richelieu-Drouot
14%
Ligne 11 (terminus 2023)Rosny-Bois Perrier
14%
Rue du Bac
14%
Saint-François-Xavier
14%
Saint-Lazare
14%
Sèvres-Babylone
14%
Solférino
14%
Strasbourg-Saint-Denis
14%
Strasbourg-Saint-Denis
14%
Télégraphe
14%
Télégraphe
14%
Varenne
14%
Bercy
12%
Bibliothèque François Mitterrand
12%
Bonne Nouvelle
12%
Châtelet
12%
Cour Saint-Émilion
12%
Gare de Lyon
12%
Grands Boulevards
12%
Madeleine
12%
Maison Blanche
12%
Montreuil-Hôpital
12%
Montreuil-Hôpital
12%
Olympiades
12%
Pyramides
12%
Romainville-Place Carnot
12%
Romainville-Place Carnot
12%
Ligne 11 (terminus 2023)Rosny-Bois Perrier
12%
Serge Gainsbourg
12%
Serge Gainsbourg
12%
Côteaux-Beauclair
10%
Côteaux-Beauclair
10%
Kremlin-Bicêtre-Hôpital
10%
La Dhuys
10%
La Dhuys
10%
Neuilly-Hôpitaux
10%
Neuilly-Hôpitaux
10%
Villejuif-Institut Gustave Roussy
10%
Villemomble
10%
Villemomble
10%
Champigny-Centre
8%
Créteil-L'Échat
8%
Les Ardoines
8%
Le Vert de Maisons
8%
Neuilly-Les Fauvettes
8%
Neuilly-Les Fauvettes
8%
Lignes 15-16Noisy-Champs
8%
Saint-Maur-Créteil
8%
Bry-Villiers-Champigny
6%
Chelles-Gournay
6%
Clichy-Montfermeil
6%
Mairie de Vitry-sur-Seine
6%
Ligne 17 (fin de la section en travaux)Saint-Denis-Pleyel
6%
Villejuif-Louis Aragon
6%
Aulnay
4%
Blanc-Mesnil
4%
La Courneuve-Six Routes
4%
Le Bourget
4%
Sevran-Beaudottes
4%
Sevran-Livry
4%
Ligne 18Aéroport d'Orly
2%
...Antonypôle
2%
CEA Saint-Aubin
2%
Colombes
2%
La Garenne-Colombes
2%
Ligne 17 (première station en pointillés)Les Grésillons
2%
Massy-Opéra
2%
Massy-Palaiseau
2%
Nanterre-La Folie
2%
Orsay-Gif
2%
Palaiseau
2%
Ligne 18 (dernière station en pointillés)Rueil 2000
2%
Saint-Quentin-Est
2%
Satory
2%
Ligne 18 (début section prévue pour 2030)Versailles-Chantiers
2%

Distribution des résultats

Percentile par nombre de réponses

% des personnes avec chaque résultat

Votre développement - résultats

Vous n’avez pas pris ce quiz